000 00811nam a2200205 a 4500
999 _c7271
_d7271
005 20180312151336.0
008 140217b2006 ck ||||| |||| 00| 0 spa d
040 _aCO-BoIAVH
_cCO-BoIAVH
041 _aspa
090 _aIAVH
_b01400
111 _aTaller Metaplan encuentro de Experiencias en Inventarios y Monitoreo Biológico
_cVilla de Leyva
_doctubre 31-2 de noviembre de 2006
_990448
245 _aEncuentro de experiencias en inventarios y monitoreo biológico
260 _aVilla de Leyva
_bInstituto Alexander von Humboldt
_bINVEMAR
_bMecanismo de Facilitación del Convenio sobre Diversidad Biológica
_c2006
300 _a60 p.
700 _aOrtiz Olaya, Rovitzon
_96319
700 _aGiraldo B., Carlos Agusto
_96320
700 _aGarzón, Vladimir
_96321
942 _cINFORME
_2z
945 _d2010-02-23